| 000 | nam a22 7a 4500 | ||
|---|---|---|---|
| 999 |
_c103330 _d103329 |
||
| 005 | 20200101151414.0 | ||
| 008 | 191115b ||||| |||| 00| 0 eng d | ||
| 020 | _a9789383637799 | ||
| 080 |
_a89H.09 _bANU/V |
||
| 100 | _aAnupama, Tiwari | ||
| 245 | _aViveki rai karat chali phagunhat baure aam | ||
| 260 |
_aKanpur _bQuality _c2018 |
||
| 300 | _a128p. | ||
| 653 | _aCriticism - Hindi literature | ||
| 942 | _cBK | ||